|
|
|
|
| LEADER |
01101cam a22003371a 4500 |
| 001 |
000033587 |
| 003 |
9768 |
| 005 |
20151029000000.0 |
| 008 |
151016s2000 000 eng |
| 020 |
|
|
|a 1555878695
|
| 041 |
|
|
|a eng
|
| 082 |
|
|
|a 420.30
|b SP-A
|
| 100 |
|
|
|a Spring, Anita
|
| 245 |
|
|
|a Women Farmers and Commercial Ventures
|c Anita Spring
|
| 260 |
|
|
|c 2000
|
| 300 |
|
|
|a 416p. : ill ; 25cm
|
| 650 |
|
|
|a Anita Spring, Women Farmer, Social, 2000, Women Farmers and Commercial Ventures
|
| 852 |
|
|
|b Chuyên đề
|c Văn học nước ngoài
|
| OWN |
|
|
|a LNN
|
| AVA |
|
|
|a UDN50
|b LNN
|d 420.30 SP-A
|e available
|t Error 5001 Not defined in file expand_doc_bib_avail.
|f 1
|g 0
|h N
|i 0
|k 1
|
| 999 |
|
|
|a From the UDN01
|
| AVA |
|
|
|a UDN50
|b LNN
|d 420.30 SP-A
|e available
|t Error 5001 Not defined in file expand_doc_bib_avail.
|f 1
|g 0
|h N
|i 0
|k 1
|
| TYP |
|
|
|a Monograph
|
| TYP |
|
|
|a Printed language
|
| 980 |
|
|
|a Mạng thư viện Đại học Đà Nẵng
|